|
|
|
|
| LEADER |
00000nam a22000005a 4500 |
| 001 |
19497 |
| 003 |
CL-ChBUA |
| 005 |
20120815103725.0 |
| 008 |
070301s2004 sp 000 0 spa |
| 020 |
|
|
|a 8482673793
|
| 040 |
|
|
|a CL-ChBUA
|c CL-ChBUA
|
| 082 |
0 |
0 |
|a 227.4
|
| 090 |
|
|
|c 19497
|d 19497
|
| 100 |
1 |
|
|a Bruce, F.F.
|
| 245 |
1 |
0 |
|a Un comentario de la epístola a los Gálatas :
|b un comentario basado en el texto griego
|
| 260 |
|
|
|b Clie.
|a Barcelona.
|c c2004.
|
| 504 |
|
|
|a Indice.
|
| 650 |
|
4 |
|a GALATAS (EPISTOLA) COMENTARIO.
|
| 942 |
|
|
|c LIB
|
| 952 |
|
|
|0 0
|1 0
|4 0
|7 0
|9 26704
|a UNACH
|b UNACH
|c 200
|d 2007-03-05
|i 38.627.
|l 9
|m 4
|o 227.4 / B 886 2004.
|p 27703
|r 2024-11-11 00:00:00
|s 2024-06-17
|u 26704
|w 2012-08-08
|y LIB
|k 227.4 / B 886 2004.
|
| 952 |
|
|
|0 0
|1 0
|4 0
|7 0
|9 68036
|a UNACH
|b UNACH
|c 200
|d 2011-11-14
|i 48.360
|l 18
|m 10
|o 227.4 / B 886 c.2 2004
|p 69168
|r 2024-12-13 00:00:00
|s 2023-06-20
|u 68036
|w 2012-08-08
|y LIB
|k 227.4 / B 886 c.2 2004
|
| 999 |
|
|
|c 19497
|d 19497
|